[Event "6th EICC"]
[Site "Warsaw POL"]
[Date "2005.06.25"]
[Round "7"]
[White "Gajewski,G"]
[Black "Frolyanov,D"]
[Result "1/2-1/2"]
[WhiteElo "2396"]
[BlackElo "2505"]
[EventDate "2005.06.18"]

1. d4 d5 2. c4 e6 3. Nc3 c6 4. e4 dxe4 5. Nxe4 Bb4+ 6. Bd2 Qxd4 7. Bxb4
Qxe4+ 8. Be2 Na6 9. Bd6 e5 10. Nf3 Bg4 11. Nxe5 Qxe2+ 12. Qxe2 Bxe2 13.
Kxe2 Nh6 14. Rad1 O-O-O 15. Rhe1 Rhe8 16. Kf1 Re6 17. c5 Rde8 18. Nc4 Rxe1+
19. Rxe1 Rxe1+ 20. Kxe1 Nf5 21. Bf8 Kd7 22. a3 g6 23. b4 Nc7 24. g4 Nd4 25.
Bg7 Nde6 26. Be5 Nd5 27. Ke2 b5 28. cxb6 axb6 29. Bb2 f6 30. Ne3 Nec7 31.
Kf3 Ke6 32. Nc2 b5 33. Ke4 Kd6 34. f4 Ne6 35. Bc1 f5+ 36. gxf5 Nf6+ 37. Kf3
gxf5 38. Bb2 Nd5 39. Be5+ Ke7 40. Kg3 Kf7 41. Kf3 Ke7 42. Kg3 Kf7 1/2-1/2

[Event "6th EICC"]
[Site "Warsaw POL"]
[Date "2005.06.25"]
[Round "7"]
[White "Mista,A"]
[Black "Warakomski,T"]
[Result "1-0"]
[WhiteElo "2497"]
[BlackElo "2384"]
[EventDate "2005.06.18"]

1. d4 d5 2. c4 dxc4 3. Nf3 c5 4. d5 Nf6 5. Nc3 e6 6. e4 exd5 7. exd5 Bd6 8.
Bxc4 O-O 9. O-O a6 10. Bg5 Bf5 11. Bd3 Bxd3 12. Qxd3 Nbd7 13. Ne4 Ne5 14.
Nxe5 Bxe5 15. Bxf6 Bxf6 16. Nxc5 b6 17. Nxa6 Qd6 18. Rac1 Rfd8 19. Rfd1 Rd7
20. Qb5 Rad8 21. Nb4 Bxb2 22. Rc6 Qe5 23. Rxb6 h6 24. Nc6 Qh5 25. Re1 Bc3
26. Nxd8 1-0

[Event "6th EICC"]
[Site "Warsaw POL"]
[Date "2005.06.25"]
[Round "7"]
[White "Bente,B"]
[Black "Del Rio Angelis,S"]
[Result "0-1"]
[WhiteElo "2218"]
[BlackElo "2495"]
[EventDate "2005.06.18"]

1. d4 Nf6 2. c4 e6 3. Nc3 c5 4. d5 exd5 5. cxd5 d6 6. e4 g6 7. f4 Bg7 8.
Nf3 O-O 9. Be2 Re8 10. e5 dxe5 11. fxe5 Ng4 12. Bg5 Qb6 13. O-O Nxe5 14.
Nxe5 Bxe5 15. Bc4 Bf5 16. g4 Qxb2 17. Ne2 Be4 18. Be3 b5 19. Rc1 bxc4 20.
Qa4 Nc6 21. Rf2 Bxd5 22. Qd1 Be6 23. Nd4 Qa3 24. Nxe6 Qxe3 0-1

[Event "6th EICC"]
[Site "Warsaw POL"]
[Date "2005.06.25"]
[Round "7"]
[White "Zaja,I"]
[Black "Leniart,A"]
[Result "1-0"]
[WhiteElo "2489"]
[BlackElo "2279"]
[EventDate "2005.06.18"]

1. d4 d5 2. c4 e6 3. Nc3 Be7 4. Nf3 Nf6 5. Bg5 h6 6. Bxf6 Bxf6 7. e3 O-O 8.
Qd2 c6 9. h4 dxc4 10. Bxc4 Nd7 11. g4 b5 12. Bb3 c5 13. g5 Bb7 14. Rh3 Bxf3
15. Rxf3 cxd4 16. exd4 hxg5 17. hxg5 Bxg5 18. Qd3 Bh6 19. Ke2 Qg5 20. Rh1
Rad8 21. Rxh6 Qxh6 22. Rh3 Nc5 23. Qg3 Nxb3 24. Rxh6 Nxd4+ 25. Ke1 Nf5 26.
Qc7 Nxh6 27. Nxb5 a6 28. Na7 Nf5 29. Nc6 Rd5 30. b4 Rd3 31. a4 Ra3 32. a5
Ra1+ 33. Ke2 Rb1 34. Qb7 Rc1 35. Kd2 Rf1 36. Ke2 Rc1 37. Kd3 Rd1+ 38. Kc2
Rf1 39. Qxa6 Rxf2+ 40. Kb3 g5 41. Qc4 Rf4 42. Qc1 Rc8 43. Ka4 Kg7 44. Qa1+
f6 45. Qd1 Rf8 46. a6 Ne3 47. Qd7+ Rf7 48. Qxe6 Nc4 49. Ne7 Nb6+ 50. Ka5
Na8 51. Nf5+ Kg6 52. Nd6 Rg7 53. Qe8+ Kh7 54. Qh5+ Kg8 55. Qe8+ Kh7 56.
Qxa8 g4 57. Qh1+ Kg8 58. Qd5+ Kh7 59. Qh1+ Kg8 60. Qa8+ Kh7 61. a7 Rf1 62.
Kb6 f5 63. Qg2 Ra1 64. Nxf5 Rgxa7 65. Qxg4 R1a6+ 66. Kb5 1-0

[Event "6th EICC"]
[Site "Warsaw POL"]
[Date "2005.06.25"]
[Round "7"]
[White "Guliev,S"]
[Black "Stoma,P"]
[Result "1-0"]
[WhiteElo "2481"]
[BlackElo "2295"]
[EventDate "2005.06.18"]

1. d4 d5 2. c4 c6 3. Nf3 Nf6 4. Nc3 a6 5. c5 Nbd7 6. Bf4 Nh5 7. e3 g6 8.
Bd3 Bg7 9. O-O O-O 10. Bg5 f5 11. Nd2 f4 12. Be2 fxe3 13. fxe3 Nhf6 14. Nf3
Qe8 15. Bf4 Nh5 16. Bc7 Ndf6 17. h3 Bh6 18. Qd2 Bxh3 19. gxh3 Qd7 20. Bf4
Qxh3 21. Nh2 g5 22. Rf3 Qh4 23. Be5 g4 24. Rf2 Qh3 25. Nf1 Nd7 26. Bf4 Nxf4
27. exf4 g3 28. Rf3 Kh8 29. Bd3 Qh5 30. Qg2 Rxf4 31. Rxf4 Bxf4 32. Re1 Qh4
33. Qh1 Qxh1+ 34. Kxh1 Rg8 35. Kg2 Rg7 36. Ne2 e5 37. Nxf4 exf4 38. Re8+
Rg8 39. Rxg8+ Kxg8 40. Bf5 Nf8 41. Nd2 Ng6 42. Bxg6 hxg6 43. Kf3 g2 44.
Kxg2 1-0

[Event "6th EICC"]
[Site "Warsaw POL"]
[Date "2005.06.25"]
[Round "7"]
[White "Perunovic,Mil"]
[Black "Olszewski,Mi"]
[Result "1-0"]
[WhiteElo "2549"]
[BlackElo "2387"]
[EventDate "2005.06.18"]

1. e4 e5 2. Nf3 Nc6 3. Bb5 a6 4. Ba4 Nf6 5. O-O Be7 6. Re1 b5 7. Bb3 d6 8.
c3 O-O 9. h3 Na5 10. Bc2 c5 11. d4 Nd7 12. Nbd2 exd4 13. cxd4 Nc6 14. d5
Nce5 15. Nxe5 Nxe5 16. a4 Rb8 17. axb5 axb5 18. f4 Ng6 19. Nf3 Bh4 20. Rf1
Bg3 21. f5 Ne5 22. Ng5 h6 23. f6 hxg5 24. Bxg5 g6 25. Ra3 Nd3 26. Rxd3 Be5
27. Qe1 1-0

[Event "6th EICC"]
[Site "Warsaw POL"]
[Date "2005.06.25"]
[Round "7"]
[White "Karlsson,L"]
[Black "Dworakowska,J"]
[Result "1/2-1/2"]
[WhiteElo "2472"]
[BlackElo "2383"]
[EventDate "2005.06.18"]

1. b3 e5 2. Bb2 Nc6 3. c4 g6 4. e3 Bg7 5. Nc3 f5 6. d4 exd4 7. Nb5 a6 8.
Nxd4 Nxd4 9. Bxd4 Bxd4 10. Qxd4 Qf6 11. Rd1 Qxd4 12. Rxd4 d6 13. g3 Bd7 14.
Bg2 Rb8 15. Ne2 Ne7 16. Nc3 Bc6 17. Nd5 Kd7 18. g4 b5 19. gxf5 bxc4 20.
bxc4 Bxd5 21. cxd5 Rb1+ 22. Ke2 Rxh1 23. Bxh1 gxf5 24. Rb4 Rg8 25. Kf1 a5
26. Rb5 a4 27. a3 Rg4 28. f4 Rg8 29. Bf3 Ra8 30. Ke2 Nc8 31. Bg2 Ne7 32.
Bf3 Ke8 33. Kd3 Ng8 34. Kd4 Nf6 35. Be2 Ne4 36. Bd3 Nc5 37. Bxf5 Ke7 38.
Be4 Rg8 39. Rb1 Kf6 40. Bf3 Kf5 41. h3 Rg3 42. Bg4+ Kf6 43. Rb8 h5 44. Bxh5
Rxh3 45. Rf8+ Ke7 46. Re8+ Kf6 47. Rf8+ Ke7 48. Rf7+ Kd8 49. Bg4 Rh2 50.
Bf5 Ra2 51. e4 Rxa3 52. Rf8+ Ke7 53. Rc8 Kf6 54. Rf8+ Kg7 55. Rc8 Kf6 56.
Rf8+ Ke7 57. Rc8 1/2-1/2

[Event "6th EICC"]
[Site "Warsaw POL"]
[Date "2005.06.25"]
[Round "7"]
[White "Mazi,L"]
[Black "Abergel,T"]
[Result "1-0"]
[WhiteElo "2365"]
[BlackElo "2456"]
[EventDate "2005.06.18"]

1. e4 c5 2. Nf3 Nc6 3. d4 cxd4 4. Nxd4 Nf6 5. Nc3 d6 6. Bg5 e6 7. Qd2 h6 8.
Bxf6 gxf6 9. O-O-O a6 10. f4 Qb6 11. Nf3 Bd7 12. Kb1 O-O-O 13. Be2 Kb8 14.
Rhf1 Rc8 15. f5 Rc7 16. Nh4 Ne5 17. Qd4 Qa5 18. Nf3 Be7 19. Nd2 Rcc8 20.
Nb3 Qc7 21. g4 b5 22. Rg1 Nc4 23. Rg3 Ka8 24. a3 Ne5 25. Rc1 Qa7 26. Qd2
Rhg8 27. Qf4 Qb6 28. Na2 Bc6 29. Rd1 Bb7 30. Nc3 Nc4 31. Rh3 Ka7 32. Rdd3
a5 33. fxe6 fxe6 34. Nd4 Ba6 35. Nxe6 b4 36. Nd5 Qb7 37. Rb3 Qc6 38. Nd4
Qc5 39. Nxe7 Qxd4 40. Nxc8+ Rxc8 41. Bxc4 Qxc4 42. Qf2+ Ka8 43. axb4 axb4
44. Rhe3 Qd4 45. Qe1 Rc4 46. Rbd3 Qb6 47. Qd2 Qc5 48. b3 1-0

[Event "6th EICC"]
[Site "Warsaw POL"]
[Date "2005.06.25"]
[Round "7"]
[White "Heberla,B"]
[Black "Citak,S"]
[Result "1-0"]
[WhiteElo "2454"]
[BlackElo "2351"]
[EventDate "2005.06.18"]

1. e4 e5 2. Bc4 f5 3. d4 exd4 4. e5 b5 5. Bxb5 c6 6. Be2 Qa5+ 7. c3 dxc3 8.
Nxc3 Bc5 9. Nf3 Ne7 10. O-O Ba6 11. Bd2 Bxe2 12. Nxe2 Qc7 13. Qb3 Qb6 14.
Qc2 a5 15. Nf4 O-O 16. Qc4+ Kh8 17. Nd3 Na6 18. Rac1 d5 19. exd6 Bxd6 20.
Nde5 Nd5 21. Nd7 Qxb2 22. Nxf8 Bxf8 23. Qxc6 Nac7 24. Bc3 Qb5 25. Be5 Qxc6
26. Rxc6 Nb5 27. a4 Na3 28. Rfc1 Kg8 29. Rc8 Ra6 30. Rd8 Nb6 31. Bd6 Nd7
32. Bxa3 1-0

[Event "6th EICC"]
[Site "Warsaw POL"]
[Date "2005.06.25"]
[Round "7"]
[White "Rutkowski,M"]
[Black "Magalashvili,D"]
[Result "0-1"]
[WhiteElo "2346"]
[BlackElo "2445"]
[EventDate "2005.06.18"]

1. e4 c5 2. Nf3 d6 3. d4 cxd4 4. Nxd4 Nf6 5. f3 a6 6. c4 e6 7. Nc3 Be7 8.
Be3 O-O 9. Be2 b6 10. O-O Bb7 11. Qd2 Nbd7 12. Rfd1 Qc7 13. Rac1 Rac8 14.
Qe1 Rfe8 15. Qf2 Qb8 16. b4 Bd8 17. Nb3 Bc7 18. g3 Kh8 19. a4 Ba8 20. Rb1
d5 21. cxd5 exd5 22. Nxd5 Bxd5 23. exd5 Rxe3 24. Qxe3 Bxg3 25. Bd3 Bxh2+
26. Kh1 Bf4 27. Qf2 Qe5 28. Bxa6 Qh5+ 29. Kg1 Re8 30. Re1 Ne5 31. Nd4 Nxd5
32. Bf1 Qg5+ 33. Qg2 Be3+ 34. Kh1 Qh4+ 35. Qh3 Qxh3+ 36. Bxh3 Bxd4 37. Rbd1
Bc3 38. Re4 f5 39. Bxf5 Ne7 40. Rc1 Nxf5 41. Kg2 Nd6 0-1

[Event "6th EICC"]
[Site "Warsaw POL"]
[Date "2005.06.25"]
[Round "7"]
[White "Tazbir,M"]
[Black "Szoen,D"]
[Result "1-0"]
[WhiteElo "2322"]
[BlackElo "2444"]
[EventDate "2005.06.18"]

1. e4 c5 2. Nf3 d6 3. d4 cxd4 4. Nxd4 Nf6 5. Nc3 a6 6. Bg5 e6 7. f4 Nbd7 8.
Qe2 Qc7 9. g3 b5 10. Bg2 Bb7 11. O-O-O Be7 12. Bxf6 gxf6 13. Nd5 exd5 14.
exd5 Nf8 15. Rhe1 Ng6 16. h4 h5 17. Be4 Bc8 18. Qd3 f5 19. Bxf5 Bxf5 20.
Qxf5 Qd7 21. Ne6 Rg8 22. Re2 Nf8 23. Qxh5 Qb7 24. Rde1 Ng6 25. Nd4 O-O-O
26. Nc6 Rde8 27. Qf5+ Qd7 28. Qxd7+ Kxd7 29. h5 Ne5 30. fxe5 Rxg3 31. Nxe7
Rxe7 32. exd6 Rxe2 33. Rxe2 Kxd6 34. Rf2 Kxd5 35. Rxf7 Rh3 36. Rf5+ Kd4 37.
b3 Kc3 38. Rc5+ Kd4 39. b4 a5 40. c3+ Kd3 41. bxa5 Rh2 42. Kb1 Rh4 43. Kb2
1-0

[Event "6th EICC"]
[Site "Warsaw POL"]
[Date "2005.06.25"]
[Round "7"]
[White "Thorfinnsson,Br"]
[Black "Kuraszkiewicz,M"]
[Result "0-1"]
[WhiteElo "2442"]
[BlackElo "2300"]
[EventDate "2005.06.18"]

1. d4 Nf6 2. Nf3 e6 3. c4 Nc6 4. a3 g6 5. Nc3 Bg7 6. Bg5 h6 7. Bxf6 Qxf6 8.
e3 O-O 9. Bd3 d6 10. Qc2 Qe7 11. h4 Bd7 12. O-O-O a5 13. Kb1 a4 14. Nd2 Na5
15. f4 c5 16. dxc5 dxc5 17. Nf3 b5 18. cxb5 c4 19. Be2 Rfb8 20. h5 Bxb5 21.
Ne5 Be8 22. Ka2 Rb3 23. hxg6 fxg6 24. Nxg6 Qc5 25. Ne5 Rab8 26. Rh3 Bf8 27.
Rg3+ Kh8 28. Nb1 c3 29. Nd3 Qc4 30. Nb4 Rxb2+ 31. Ka1 Nb3+ 0-1

[Event "6th EICC"]
[Site "Warsaw POL"]
[Date "2005.06.25"]
[Round "7"]
[White "Atakisi,U"]
[Black "Skurski,J"]
[Result "1-0"]
[WhiteElo "2439"]
[BlackElo "2299"]
[EventDate "2005.06.18"]

1. e4 e5 2. Nf3 Nc6 3. Bb5 a6 4. Ba4 Nf6 5. Bxc6 dxc6 6. Nc3 Bd6 7. d3 Be6
8. Bg5 h6 9. Bh4 g5 10. Bg3 Nd7 11. h4 g4 12. Nd2 h5 13. Nc4 Qe7 14. Nxd6+
cxd6 15. Qe2 f6 16. O-O-O c5 17. Kb1 Qf7 18. f4 gxf3 19. gxf3 b5 20. b3 Nb6
21. Rdf1 b4 22. Nd1 a5 23. Ne3 d5 24. f4 dxe4 25. dxe4 exf4 26. Bxf4 a4 27.
Nf5 axb3 28. Nd6+ Ke7 29. Nxf7 Na4 30. Bd6+ Kxf7 31. Be5 bxc2+ 32. Qxc2 Rh6
33. Rhg1 Nb6 34. Bxf6 Rxf6 35. Rxf6+ Kxf6 36. Qf2+ 1-0

[Event "6th EICC"]
[Site "Warsaw POL"]
[Date "2005.06.25"]
[Round "7"]
[White "Berescu,A"]
[Black "Kachur,A"]
[Result "0-1"]
[WhiteElo "2439"]
[BlackElo "2281"]
[EventDate "2005.06.18"]

1. e4 c5 2. Nf3 Nc6 3. d4 cxd4 4. Nxd4 Qc7 5. Nc3 e6 6. g3 a6 7. Bg2 Nf6 8.
O-O d6 9. a4 Nd7 10. Nb3 Be7 11. Qe2 b6 12. Be3 O-O 13. f4 Na5 14. Rad1 Bb7
15. g4 Nc4 16. Bc1 Rfe8 17. g5 Bf8 18. Qf2 Rac8 19. h4 g6 20. h5 Bg7 21.
hxg6 fxg6 22. Nd4 e5 23. fxe5 Rf8 24. Qe2 Qc5 25. Rxf8+ Nxf8 26. Kh1 Bxe5
27. Nb3 Qc7 28. Rd3 Ne6 29. Qg4 Re8 30. Nd5 Bxd5 31. exd5 Ng7 32. c3 Nf5
33. Bh3 Bg7 34. Qg1 Ne5 35. Rd1 Qc4 36. Nd4 Qxd5+ 37. Bg2 Qc5 38. Nxf5 gxf5
39. Be3 Qc7 40. Bxb6 Qe7 41. Bd5+ Kh8 42. Bd4 Ng4 43. Bc6 Rc8 44. Bxg7+
Kxg7 45. Qd4+ Kg6 46. Qxd6+ Qxd6 47. Rxd6+ Kxg5 48. b4 Kf4 49. b5 axb5 50.
axb5 Ne5 51. c4 Kg3 52. Rd5 Nxc6 53. bxc6 f4 54. Rc5 h6 55. Rb5 Rxc6 56.
Rb3+ f3 57. Rc3 Rc5 58. Kg1 Ra5 59. Rc1 Ra2 60. c5 Rg2+ 61. Kf1 Rh2 0-1

[Event "6th EICC"]
[Site "Warsaw POL"]
[Date "2005.06.25"]
[Round "7"]
[White "Kadziolka,B"]
[Black "Loeffler,S"]
[Result "0-1"]
[WhiteElo "2311"]
[BlackElo "2429"]
[EventDate "2005.06.18"]

1. d4 e6 2. c4 Nf6 3. Nc3 Bb4 4. f3 c5 5. d5 b5 6. e4 bxc4 7. Bxc4 exd5 8.
Bxd5 Nxd5 9. Qxd5 Nc6 10. Nge2 Ba6 11. Kf2 O-O 12. Be3 Rb8 13. Rhd1 Bxc3
14. bxc3 Rb2 15. Rd2 Qb8 16. Bf4 Qb6 17. Rad1 Na5 18. Rxb2 Qxb2 19. Rd2 Qa3
20. Be5 Bc4 21. Qxd7 Bxe2 22. Qg4 g6 23. Rxe2 Nc4 24. Bf6 Qc1 25. Qd7 Qf4
26. e5 Nb6 27. Qd6 h5 28. Rd2 Re8 29. g3 Qa4 30. Qxc5 Nd7 31. Qd4 Qxd4+ 32.
Rxd4 Nxe5 33. Bxe5 Rxe5 34. Re4 Ra5 35. Re2 Kf8 36. Ke3 Ke7 37. Kd4+ Kd6
38. f4 Ra3 39. Kc4 Ra6 40. Rd2+ Kc6 41. h4 Ra4+ 42. Kb3 Re4 43. Rd3 a6 44.
Rf3 Kc5 45. Rd3 Re7 46. Rd8 Re3 47. Rf8 f5 48. Rf6 Rxg3 49. Rxa6 Rg4 50. a4
Rxh4 51. Rxg6 Rxf4 52. Rg8 h4 53. Rc8+ Kb6 54. c4 Rg4 55. Kb4 f4 56. c5+
Kb7 57. Rf8 h3 58. Rh8 f3+ 59. Kb5 f2 60. c6+ Kc7 61. Rh7+ Kd6 62. Rf7 h2
63. c7 0-1

[Event "6th EICC"]
[Site "Warsaw POL"]
[Date "2005.06.25"]
[Round "7"]
[White "Esen,B"]
[Black "Erdogdu,M"]
[Result "1-0"]
[WhiteElo "2287"]
[BlackElo "2414"]
[EventDate "2005.06.18"]

1. d4 Nf6 2. c4 e6 3. Nc3 Bb4 4. Qc2 c5 5. dxc5 O-O 6. a3 Bxc5 7. Nf3 b6 8.
Bg5 Bb7 9. e4 h6 10. Bh4 Be7 11. O-O-O Nc6 12. e5 Ne8 13. Bg3 Na5 14. Be2
Rc8 15. Rd4 a6 16. Rhd1 Rc7 17. Kb1 Bxf3 18. gxf3 Nc6 19. R4d2 Bh4 20. f4
Be7 21. f5 Qc8 22. Qe4 Na5 23. f6 gxf6 24. Qg4+ Ng7 25. exf6 Bxf6 26. Bxc7
Bxc3 27. Rxd7 Bf6 28. Bxb6 Qb8 29. Bd4 e5 30. Bc3 Nb3 31. Qf3 Bg5 32. Rb7
e4 33. Qxf7+ 1-0

[Event "6th EICC"]
[Site "Warsaw POL"]
[Date "2005.06.25"]
[Round "7"]
[White "Galazewski,T"]
[Black "Kuljasevic,D"]
[Result "1/2-1/2"]
[WhiteElo "2137"]
[BlackElo "2408"]
[EventDate "2005.06.18"]

1. e4 c5 2. Nc3 Nc6 3. g3 g6 4. Bg2 Bg7 5. d3 d6 6. Be3 Rb8 7. Qd2 b5 8. f4
Nd4 9. Nf3 e6 10. O-O Ne7 11. Kh1 O-O 12. g4 f5 13. gxf5 exf5 14. e5 dxe5
15. Nxe5 Bb7 16. Bxb7 Rxb7 17. Qg2 Rb6 18. Rae1 Bxe5 19. fxe5 Qa8 20. Bg5
Qxg2+ 21. Kxg2 Re6 22. Bxe7 Rxe7 23. Nd5 Re6 24. Nf6+ Kg7 25. c3 Nc6 26.
Nd7 Rfe8 27. Nxc5 Rxe5 28. Rxe5 Rxe5 29. d4 Re2+ 30. Rf2 Rxf2+ 31. Kxf2 Kf7
32. Ke3 Ke7 33. Kf4 Kd6 34. h4 Kd5 35. Nd7 h6 36. h5 gxh5 37. Kxf5 b4 38.
Nf6+ Kc4 39. Ke4 bxc3 40. bxc3 Kxc3 41. d5 Nd8 42. Nxh5 Kc4 43. Nf4 Kc5 44.
Ke5 Nf7+ 45. Ke6 Ng5+ 46. Ke7 Ne4 47. Ke6 1/2-1/2

[Event "6th EICC"]
[Site "Warsaw POL"]
[Date "2005.06.25"]
[Round "7"]
[White "Erturan,Y"]
[Black "Krysztofiak,M"]
[Result "1-0"]
[WhiteElo "2277"]
[BlackElo "2401"]
[EventDate "2005.06.18"]

1. e4 c5 2. Nf3 e6 3. c4 a6 4. Be2 Nc6 5. O-O e5 6. Nc3 d6 7. d3 g6 8. Nd5
Bg7 9. b4 cxb4 10. Be3 Nd4 11. Nxd4 exd4 12. Bf4 a5 13. a3 Be5 14. Bd2 Be6
15. axb4 Bxd5 16. exd5 Ne7 17. bxa5 O-O 18. Rb1 Qc7 19. Rb5 Rfb8 20. Qb3
Ra7 21. Rb1 Nc8 22. Bg4 f5 23. Bf3 Qg7 24. g3 Ne7 25. Qb4 h6 26. Re1 1-0

[Event "6th EICC"]
[Site "Warsaw POL"]
[Date "2005.06.25"]
[Round "7"]
[White "Marzolo,C"]
[Black "Gluszko,T"]
[Result "1-0"]
[WhiteElo "2388"]
[BlackElo "1977"]
[EventDate "2005.06.18"]

1. d4 Nf6 2. c4 g6 3. Nc3 d5 4. Bg5 Ne4 5. cxd5 Nxc3 6. bxc3 Qxd5 7. Nf3
Bg7 8. e3 c5 9. Be2 Nc6 10. O-O O-O 11. Qb3 Qxb3 12. axb3 Be6 13. Nd2 Rfd8
14. Ra3 Kf8 15. Rfa1 a6 16. Ne4 cxd4 17. exd4 Bf5 18. Nc5 Nxd4 19. cxd4
Bxd4 20. Nxb7 Rdb8 21. Bh6+ Kg8 22. Rd1 Bb2 23. Rxa6 Rxa6 24. Bxa6 Be6 25.
Bc4 Bg4 26. Rd8+ Rxd8 27. Nxd8 e6 28. f3 Bf5 29. g4 Bc2 30. Kf2 Be5 31. Ke3
Bxh2 32. Kd2 Bxb3 33. Bxb3 Bc7 34. Nc6 Bd6 35. Ke3 Ba3 36. Ke4 Bd6 37. Kd4
Ba3 38. Ke5 Bb2+ 39. Kd6 Ba3+ 40. Kd7 Bc5 41. Ke8 f5 42. Bxe6+ 1-0

[Event "6th EICC"]
[Site "Warsaw POL"]
[Date "2005.06.25"]
[Round "7"]
[White "Kopczynski,M"]
[Black "Maier,C"]
[Result "0-1"]
[WhiteElo "2150"]
[BlackElo "2387"]
[EventDate "2005.06.18"]

1. e4 e6 2. d4 d5 3. Nc3 Bb4 4. e5 Ne7 5. a3 Bxc3+ 6. bxc3 c5 7. Nf3 Nbc6
8. a4 Qa5 9. Qd2 Bd7 10. Be2 f6 11. exf6 gxf6 12. Ba3 cxd4 13. Nxd4 Nxd4
14. Bb4 Qc7 15. cxd4 Ng6 16. O-O Qf4 17. Bh5 Qxd2 18. Bxd2 Rc8 19. Ra2 O-O
20. Rb1 Bc6 21. f4 Kg7 22. a5 Rc7 23. Rab2 a6 24. Bg4 Re8 25. Re1 f5 26.
Bh5 Ba4 27. Bb4 Rd7 28. c3 Kf6 29. Rbe2 Rc7 30. Re3 Rc6 31. g3 Bc2 32. Bc5
Be4 33. R3e2 Rd8 34. Rb2 Rd7 35. Ra1 Rc8 36. Ra3 Rg8 37. Kf1 Bd3+ 38. Be2
Bxe2+ 39. Rxe2 Ne7 40. Bxe7+ Rxe7 41. Rb3 h5 42. Reb2 Rgg7 43. Kf2 Rc7 44.
Ke3 Rh7 45. Kf3 h4 46. Re2 hxg3 47. hxg3 Rc4 48. Ra2 Rcc7 49. Re2 Rh1 50.
Ra3 Rc1 51. Re3 Rb1 52. Re2 Rh7 53. Rg2 Rc1 54. Rb2 Rhh1 55. Rxb7 Rh2 56.
Rab3 Rf1+ 57. Ke3 Rg1 58. Kf3 Rh3 59. Kf2 Rgxg3 60. Ra7 Rf3+ 61. Ke2 Rxf4
62. Rbb7 Re4+ 63. Kd2 Rh2+ 64. Kd1 Rg4 65. Rf7+ Kg5 66. Rg7+ Kf4 67. Rxg4+
fxg4 68. Rxa6 g3 69. Rxe6 g2 70. Rg6 Rh1+ 71. Kc2 g1=Q 72. Rxg1 Rxg1 73.
Kb2 Ke4 74. a6 Rg6 0-1

[Event "6th EICC"]
[Site "Warsaw POL"]
[Date "2005.06.25"]
[Round "7"]
[White "Bleis,C"]
[Black "Zawadzka,J"]
[Result "1/2-1/2"]
[WhiteElo "2258"]
[BlackElo "2383"]
[EventDate "2005.06.18"]

1. d4 Nf6 2. c4 g6 3. Nc3 Bg7 4. e4 d6 5. Bd3 O-O 6. Nge2 a6 7. O-O Nbd7 8.
Ng3 c5 9. d5 b5 10. cxb5 axb5 11. Nxb5 Ba6 12. a4 h5 13. Rb1 Ne5 14. Ne2
Bxb5 15. Bxb5 Nxe4 16. h3 Qc7 17. f3 Nf6 18. Nc3 c4 19. Be3 Nfd7 20. f4 Nd3
21. Bc6 Rad8 22. Nb5 Qa5 23. b3 Nb8 24. bxc4 Nb2 25. Qc2 Nxc6 26. dxc6 Nxa4
27. f5 Kh7 28. c7 Rc8 29. fxg6+ fxg6 30. Rxf8 Rxf8 31. Qe4 Nc3 32. Nxc3
Qxc3 33. Qxe7 Rc8 34. Rc1 Rxc7 35. Qe4 1/2-1/2

[Event "6th EICC"]
[Site "Warsaw POL"]
[Date "2005.06.25"]
[Round "7"]
[White "Swiercz,D"]
[Black "Asauskas,H"]
[Result "0-1"]
[WhiteElo "2136"]
[BlackElo "2357"]
[EventDate "2005.06.18"]

1. e4 e5 2. Nf3 Nc6 3. d4 exd4 4. Bc4 Nf6 5. e5 d5 6. Bb5 Ne4 7. Nxd4 Bd7
8. Bxc6 bxc6 9. O-O Be7 10. f3 Nc5 11. f4 f5 12. Qe2 O-O 13. c4 Ne6 14. Qd3
Bc5 15. Be3 Bxd4 16. Bxd4 c5 17. Bc3 d4 18. Ba5 Rb8 19. b3 Qc8 20. a3 Bc6
21. Nd2 Qb7 22. Qh3 Kh8 23. b4 g5 24. b5 Bxb5 25. cxb5 Qxb5 26. Bxc7 g4 27.
Qh6 Nxc7 28. Rab1 Qa6 29. Qh4 Nd5 30. Rxb8 Rxb8 31. Rb1 Rxb1+ 32. Nxb1 Qc8
33. Nd2 Nxf4 34. Qf6+ Kg8 35. Nc4 Qe6 36. Qd8+ Kg7 37. Qc7+ Kg6 38. Qxc5
Qd5 39. Qd6+ Qxd6 40. exd6 Kf6 41. d7 Ke7 42. Nd6 Kxd7 43. Nxf5 d3 44. Kf2
Ke6 45. Ne3 h5 46. g3 Nd5 47. Nc4 Kf5 48. Ke1 Ke4 49. Kd2 Kf3 50. Kxd3 Kg2
51. Ke4 Kxh2 52. Kxd5 Kxg3 53. Ke4 h4 54. Ne3 h3 55. Kf5 h2 56. Nf1+ Kf2
57. Nxh2 g3 58. Ng4+ Ke2 59. Kf4 g2 0-1

[Event "6th EICC"]
[Site "Warsaw POL"]
[Date "2005.06.25"]
[Round "7"]
[White "Godlauskas,K"]
[Black "Murtez,H"]
[Result "1-0"]
[WhiteElo "2193"]
[BlackElo "2354"]
[EventDate "2005.06.18"]

1. e4 c5 2. Nf3 Nc6 3. d4 cxd4 4. Nxd4 g6 5. Nc3 Bg7 6. Be3 Nf6 7. Bc4 Ng4
8. Qxg4 Nxd4 9. Qd1 Nc6 10. Qd2 O-O 11. Bh6 e6 12. O-O-O a6 13. h4 b5 14.
Bb3 f6 15. Rh3 Qe7 16. Bxg7 Kxg7 17. f4 h6 18. Rd3 Ra7 19. Rd6 Rc7 20. Ne2
e5 21. h5 g5 22. Ng3 Kh7 23. Nf5 Qe8 24. fxg5 Qxh5 25. gxf6 Nd8 26. g4 Qh3
27. Rd3 1-0

[Event "6th EICC"]
[Site "Warsaw POL"]
[Date "2005.06.25"]
[Round "7"]
[White "Matras,A"]
[Black "Sliwinski,M"]
[Result "1-0"]
[WhiteElo "2280"]
[BlackElo "2186"]
[EventDate "2005.06.18"]

1. e4 c5 2. Nc3 e6 3. f4 a6 4. Nf3 Nc6 5. g3 d5 6. Bg2 d4 7. Nb1 d3 8. Na3
e5 9. Nxe5 Nxe5 10. fxe5 Be6 11. O-O h5 12. cxd3 Qd4+ 13. Rf2 h4 14. Nc4
hxg3 15. hxg3 O-O-O 16. Qf3 Nh6 17. Ne3 Qxe5 18. Nc4 Qc7 19. Qf4 Rxd3 20.
Qxc7+ Kxc7 21. Ne5 Rxg3 22. d4 f6 23. Bf4 Rxg2+ 24. Rxg2 fxe5 25. Bxe5+ Kb6
26. Rg6 Ng4 27. Rxe6+ Ka7 28. Rf1 Nxe5 29. Rxe5 Bd6 30. Rd5 Bh2+ 31. Kg2
cxd4 32. Rh1 Rh4 33. Rxh2 Rxe4 34. Kf3 Re7 35. Rxd4 b5 36. Rhd2 Kb6 37. Rd7
Re5 38. b4 Re1 39. R2d6+ 1-0

[Event "6th EICC"]
[Site "Warsaw POL"]
[Date "2005.06.25"]
[Round "7"]
[White "Wojcicki,L"]
[Black "Luch,M"]
[Result "0-1"]
[WhiteElo "1833"]
[BlackElo "2417"]
[EventDate "2005.06.18"]

1. d4 Nf6 2. c4 e6 3. Bg5 h6 4. Bh4 b6 5. Nf3 Bb7 6. e3 d6 7. Nbd2 Nbd7 8.
Bd3 g5 9. Bg3 g4 10. Nh4 Be7 11. f4 Rg8 12. f5 e5 13. d5 Nxd5 14. cxd5 Bxh4
15. e4 Bg5 16. Bb5 a6 17. Bc6 Bxc6 18. dxc6 Nc5 19. Qc2 Bxd2+ 20. Kxd2 d5
21. Rad1 Nxe4+ 22. Kc1 Qg5+ 23. Kb1 Qxf5 24. Ka1 Qe6 0-1

[Event "6th EICC"]
[Site "Warsaw POL"]
[Date "2005.06.25"]
[Round "7"]
[White "Bednarek,S"]
[Black "Szewczak,And"]
[Result "1-0"]
[WhiteElo "2321"]
[BlackElo "1995"]
[EventDate "2005.06.18"]

1. c4 e5 2. Nc3 Nc6 3. Nf3 f5 4. d3 Nf6 5. g3 Be7 6. Bg2 O-O 7. O-O Kh8 8.
Rb1 d6 9. b4 Bd7 10. b5 Nd4 11. Nxd4 exd4 12. Nd5 c6 13. Nxe7 Qxe7 14. bxc6
bxc6 15. Bb2 c5 16. Bxa8 Rxa8 17. Qd2 Nh5 18. e3 f4 19. exd4 f3 20. Rfe1
Qf7 21. Qg5 Bh3 22. Re7 Qg6 23. Qxg6 hxg6 24. dxc5 dxc5 25. Rbe1 Kh7 26.
Re8 Rxe8 27. Rxe8 g5 28. Rc8 Kh6 29. Rxc5 g6 30. Bc1 Ng7 31. Bxg5+ Kh7 32.
Rc7 Kg8 33. Rxa7 Nf5 34. Bf6 g5 35. a4 Kf8 36. Rh7 Bg2 37. g4 Nd6 38. a5
Kg8 39. Re7 Kf8 40. a6 Ne8 41. a7 Nxf6 42. Rb7 Ne8 43. a8=Q Kg8 44. Qxe8+
1-0

[Event "6th EICC"]
[Site "Warsaw POL"]
[Date "2005.06.25"]
[Round "7"]
[White "Azimi,R"]
[Black "Krasiewicz,R"]
[Result "0-1"]
[WhiteElo "2144"]
[BlackElo "2056"]
[EventDate "2005.06.18"]

1. e4 e6 2. d3 d5 3. Qe2 Be7 4. Nf3 Nf6 5. g3 c5 6. Bg2 Nc6 7. e5 Nd7 8. h4
b5 9. Nc3 Rb8 10. Bf4 b4 11. Nxd5 exd5 12. e6 fxe6 13. Qxe6 Nde5 14. Nxe5
Bxe6 15. Nxc6 Qb6 16. Nxe7 Kxe7 17. Bxb8 Rxb8 18. O-O Kf6 19. Rfe1 h6 20.
Re3 g5 21. hxg5+ hxg5 22. Rae1 Bf7 23. Rf3+ Kg6 24. Re7 Be6 25. Re3 Bg8 26.
Bh3 Qa5 27. R3e5 Rf8 28. Bd7 Qxa2 29. g4 Qxb2 30. Bf5+ Kh6 31. R5e6+ Rf6
32. Re3 Bf7 33. Rh3+ Kg7 34. Rxa7 Rxf5 35. gxf5 Qxc2 36. Rg3 Qc1+ 37. Kg2
b3 38. Re3 Kf6 39. Ra6+ Kxf5 40. Rf3+ Ke5 41. Rxf7 b2 42. Re7+ Kd4 43. Ra4+
Kxd3 44. Ra3+ Kd4 45. Ree3 b1=Q 0-1

[Event "6th EICC"]
[Site "Warsaw POL"]
[Date "2005.06.26"]
[Round "8"]
[White "Kotronias,V"]
[Black "Volkov,S1"]
[Result "1/2-1/2"]
[WhiteElo "2578"]
[BlackElo "2634"]
[EventDate "2005.06.18"]

1. e4 e6 2. d4 d5 3. Nd2 Nf6 4. e5 Nfd7 5. c3 c5 6. Bd3 Nc6 7. Ne2 cxd4 8.
cxd4 f6 9. exf6 Nxf6 10. Nf3 Bd6 11. O-O O-O 12. Bf4 Bxf4 13. Nxf4 Ne4 14.
g3 Qf6 15. h4 h6 16. Kg2 Bd7 17. Bb5 Nb8 18. Bd3 Nc6 19. Bb5 Nb8 20. Bd3
1/2-1/2